1569 1626 1735 1808 1751 1484 1620 1658 1284 1603 1578 1253 1387 1862 1148 1747 1162 1385 1788 1000 1353 1731 1604 1228 1304 1994 1947 1210 1391 1382 1745 1258 1501 1805 1836 1827 1289 1161 1947 1781 1221 1132 1020 1501 1414 1952 1011 1065 1853 1803 1676 1877 1187 1858 1428 1383 1413 1816 1858 1846 1199 1431 1007 1725 1367 1548 1156 1007 1463 1476 1504 1541 1375 1350 1674 1506 1994 1084 1433 1861 1335 1843 1835 1834 1715 1189 1169 1134 1086 1778 1681 1633 1220 1675 1526 1453 1946 1352 1145 BCNSPRNW ULIB Ver.6.0+V

เปลี่ยนเป็นภาษาไทย

Change to English
 แสดงรายละเอียดบรรณานุกรม
  กลับหน้าหลัก

Brief Record : Get Marc (ISO 2709) : E-mail record : QR code < ปิดหน้าต่าง
LEADER : 00000nam 2200000uu 4500
001    13399127164
003     ULIB
008    191018s2562||||th 000 0 tha d
020 ^- ^a9786160036073
050 ^- ^aนว.^bบ895อ^cล.2
100 ^- ^aแบมแบม.
245 10 ^aอาณาจักรพระอาทิตย์ เล่ม 1- 2 (SETTING SUN) /^cแบมแบม.
250 ^- ^aพิมพ์ครั้งที่ 1.
260 ^- ^aปทุมธานี :^bDeep,^c2562
300 ^- ^a301 หน้า.
945    ^p325^l0^i006350
999    ^aประนอม เกษจรัล
รายการนี้ยังไม่มีแท็ก
คุณยังไม่ได้ล็อกอิน คุณสามารถมีกิจกรรมร่วมกับเว็บไซต์ได้ แต่ต้องล็อกอินก่อน ::
  ล็อกอิน

รายการสื่อสารสนเทศ

ลำดับที่ ประเภท เลขเรียก/บาร์โค้ด สถานที่ สถานะ
1. นวนิยาย
นวนิยาย
นว. บ895อ ล.2 ฉ.1 
  Barcode: 006350
ห้องสมุดวิทยาเขตนครสวรรค์
►นวนิยาย:l:Fiction
บนชั้น

รายการใกล้เคียง
    ผู้แต่ง [แบมแบม.]

BibComment


ยังไม่เคยถูกคอมเมนท์

คอมเมนท์ทรัพยากรรายการนี้
  คอมเมนท์: อาณาจักรพระอาทิต..


 Copyright 2026. Bcnsprnw @Library